| 000 | 00809nam a2200253Ia 4500 | ||
|---|---|---|---|
| 003 | OSt | ||
| 005 | 20250818110833.0 | ||
| 008 | 210210b2003 xxu||||| |||| 00| 0 eng d | ||
| 040 | _cAL | ||
| 041 | _aKannada | ||
| 082 | _aK894.301 BANU | ||
| 100 |
_aBANNANJE BABU AMIN _dಬನ್ನಂಜೆ ಬಾಬು ಅಮೀನ್ _9236149 |
||
| 245 |
_aUgurige mudiyakki mattu sanna kathegalu _bಉಗುರಿಗೆ ಮುಡಿಯಕ್ಕಿ ಮತ್ತು ಸಣ್ಣ ಕಥೆಗಳು |
||
| 260 |
_aUDupi _bKemmalaje Janapada Prakashana _c2003 |
||
| 300 | _avii,68 | ||
| 650 |
_aUgurige _9236150 |
||
| 650 |
_asaNNa _9236151 |
||
| 650 |
_amuDiyakki _9236152 |
||
| 650 |
_amattu _9236153 |
||
| 650 |
_akathegaLu _9236154 |
||
| 690 |
_aKannada Fiction _9236155 |
||
| 906 | _a064690 | ||
| 942 |
_2ddc _cBK |
||
| 999 |
_c142862 _d142862 |
||